| 000 | 01409cad a22002535a 4500 | ||
|---|---|---|---|
| 001 | L149581 | ||
| 008 | 100323u2010 xxk g 000 0 eng d | ||
| 020 | _a9781904818946 | ||
| 035 | _a(Sirsi) u149581 | ||
| 041 | 0 | _aeng | |
| 050 | _a690 $2 18 | ||
| 110 | 2 |
_aMPA _bThe Concrete Centre _95832 |
|
| 245 | 0 | 0 |
_aBasements for housing _bbenefits and solutions for sustainable housing |
| 260 |
_aCamberley _bMPA _c2010 |
||
| 520 | _aConsiders basements as a practical solution for sustainable housing in the UK and the key issues for each stage of the design and construction process for single-storey basements in domestic housing; refers to the recently revised Code of Practice for protection of below-ground structures against water from the ground (BS 8102); types of basements, benefits, compliance with and credits for the Code for Sustainable Homes; waterproofing, concrete construction, design principles, daylight, ventilation, drainage, costs, building legislation, Party Wall Act, and further reading. | ||
| 590 | _aKA | ||
| 590 | _aNTK | ||
| 650 | 2 | 4 | _aCODE FOR SUSTAINABLE HOMES |
| 650 | 2 | 4 | _aCODE OF PRACTICE |
| 651 | 4 |
_aUnited Kingdom _y |
|
| 690 | _aBUILT ENVIRONMENT-CONSTRUCTION DESIGN | ||
| 856 | 4 | 0 |
_uhttps://www.concretecentre.com/online_services/publication_library/publication_details.aspx?PublicationId=706 _z View this item free of charge at www.concretecentre.com |
| 942 | _n0 | ||
| 999 |
_c120840 _d120840 |
||